Guess the Footballers by their Teams #27 - Statistics

General Stats
  • This quiz has been taken 126 times
  • The average score is 8 of 10
Answer Stats
Hint Answer % Correct
2011-. Manchester United, Juventus, Manchester United, France. Paul Pogba
98%
2012-. Liverpool, Manchester City, England. Raheem Sterling
94%
2008-2022. Reading, Shrewsbury Town (loan), Crewe Alexandria (loan), 1899 Hoffenheim, Swansea City (loan), Tottenham Hotspur, Swansea City, Everton, Iceland. Gylfi Sigurdsson
89%
2008-. Barcelona B, Barcelona, Bayern Munich, Liverpool, Spain. Thiago
89%
2008-. Independiente Medellin, Udinese, Lecce (loan), Fiorentina, Chelsea, Juventus (loan), Juventus, Colombia. Juan Cuadrado
86%
2020-. Sao Paulo, Paris Saint-Germain, Tottenham Hotspur, Brazil. Lucas Moura
78%
2012-. Arsenal, West Bromwich Albion (loan), Werder Bremen, Bayern Munich, 1899 Hoffenheim (loan), 1899 Hoffenheim II (loan), Germany. Serge Gnabry
74%
2004-. Hertha BSC II, Hertha BSC, Tottenham Hotspur, Borussia Dortmund (loan), Portsmouth, Genoa, AC Milan, Schalke 04, AC Milan, Las Palmas, Eintracht Frankfurt, Sassuolo, Barcelona (loan), Fiorentina, Besiktas (loan), Monza, Hertha BSC, Ghana. Kevin-Prince Boateng
68%
2004-2021. Nagoya Grampus Right, VVV-Venlo, CSKA Moscow, AC Milan, Pachuca, Melbourne Victory, Vitesse, Botafogo, Portimonense, Neftci, Suduva, Japan. Keisuke Honda
66%
1993-2012. Liverpool, Leeds United, Manchester City, Liverpool, Cardiff City, Blackburn Rovers, North Queensland Fury, Perth Glory, Muangthong United, England. Robbie Fowler
61%
No matching quizzes found
Score Distribution
Percent of People with Each Score
Percentile by Number Answered
Your Score History
You have not taken this quiz